1635 1256 1883 1713 1299 1251 1308 1750 1876 1153 1126 1980 1270 1117 1874 1436 1344 1624 1960 1263 1851 1314 1316 1618 1695 1040 1534 1622 1610 1869 1474 1991 1997 1044 1952 1214 1821 1963 1592 1328 1352 1107 1390 1691 1468 1483 1864 1759 1089 1817 1109 1845 1559 1067 1388 1438 1765 1626 1275 1154 1876 1684 1112 1601 1245 1243 1448 1286 1895 1159 1749 1022 1143 1667 1965 1161 1459 1581 1288 1773 1599 1890 1103 1054 1529 1280 1812 1790 1952 1374 1278 1757 1382 1309 1519 1205 1097 1164 1270 BCNSPRNW ULIB Ver.6.0+V

เปลี่ยนเป็นภาษาไทย

Change to English
 แสดงรายละเอียดบรรณานุกรม
  กลับหน้าหลัก

Brief Record : Get Marc (ISO 2709) : E-mail record : QR code < ปิดหน้าต่าง
LEADER : 00000nam 2200000uu 4500
001    13399111974
003     ULIB
008    110713s2551||||th 000 0 tha d
020    9746429264 (ล.2)
060  0 WA308^bบ261ป ล.2
110 1  มหาวิทยาลัยสุโขทัยธรรมาธิราช.^bบัณฑิตศึกษา สาขาวิชาวิทยาศาสตร์สุขภาพ
245 0  ประมวลสาระชุดวิชาสถิติและระเบียบวิธีวิจัยในงานสาธารณสุข หน่วยที่6-10 = ^bStatistics and research methods in public health / ^cบัณฑิตศึกษา สาขาวิชาวิทยาศาสตร์สุขภาพ มหาวิทยาลัยสุโขทัยธรรมาธิราช.
246 3  ชุดวิชาสถิติและระเบียบวิธีวิจัยในงานสาธารณสุข
246 3  สถิติและระเบียบวิธีวิจัยในงานสาธารณสุข
246 3  Statistics and research methods in public health
250    พิมพ์ครั้งที่ 5.
260    นนทบุรี : ^bโรงพิมพ์มหาวิทยาลัยสุโขทัยธรรมาธิราช, ^c2551.
300    3 เล่ม : ^bภาพประกอบ ; ^c29 ซม.
650    สาธารณสุข ^xวิจัย.
650    สาธารณสุข ^xระเบียบวิธีทางสถิติ.
945    ^p0^l0^i18412
995    กัณชพร
999    ^aใช้งานได้ทุกระบบ
รายการนี้ยังไม่มีแท็ก
คุณยังไม่ได้ล็อกอิน คุณสามารถมีกิจกรรมร่วมกับเว็บไซต์ได้ แต่ต้องล็อกอินก่อน ::
  ล็อกอิน

รายการสื่อสารสนเทศ

ลำดับที่ ประเภท เลขเรียก/บาร์โค้ด สถานที่ สถานะ
- ไม่พบข้อมูล -

BibComment


ยังไม่เคยถูกคอมเมนท์

คอมเมนท์ทรัพยากรรายการนี้
  คอมเมนท์: ประมวลสาระชุดวิชา..


 Copyright 2026. Bcnsprnw @Library